Toward sustainable communities : solutions for citizens and their gove rnments (Record no. 433)

MARC details
000 -LEADER
fixed length control field 00270 a2200097 4500
020 ## - INTERNATIONAL STANDARD BOOK NUMBER
International Standard Book Number 9780865717114
100 ## - MAIN ENTRY--PERSONAL NAME
Personal name Roseland
245 ## - TITLE STATEMENT
Title Toward sustainable communities : solutions for citizens and their gove rnments
260 ## - PUBLICATION, DISTRIBUTION, ETC.
Name of publisher, distributor, etc. New Society Publishers
Date of publication, distribution, etc. 2012
942 ## - ADDED ENTRY ELEMENTS (KOHA)
Source of classification or shelving scheme Dewey Decimal Classification
Koha item type
Holdings
Withdrawn status Lost status Damaged status Not for loan Collection Home library Current library Shelving location Date acquired Barcode Date last seen Price effective from Koha item type
        Reference Fairview Fairview General stacks 12/04/2014 39999000019094 12/04/2014 12/04/2014 Books
        Reference Midway Midway General stacks 12/04/2014 39999000019117 12/04/2014 12/04/2014 Books